000
00314nam a2200109Ia 4500
008
200302s9999 xx 000 0 und d
100
_a
A. N. Agrawal
245
_a
Indian Economy Problems of Development & Planning 34th ed
260
_b
New Age International Pvt. Ltd. Publishers
260
_c
2008
300
_a
745 P.,
999
_c
2571
_d
2571